|
|
|
|
| LEADER |
00000nab a2200000 ar4500 |
| 001 |
vtls009164633 |
| 003 |
SK-MaSNL |
| 005 |
20260318124707.0 |
| 008 |
071203c2007 xo |||||||| |000 b|hun |
| 015 |
|
|
|a SNBRB2007/12
|2 snkbucl
|
| 038 |
|
|
|a SNKBUCL
|
| 040 |
|
|
|a DSZK
|b slo
|c DSZK
|e AACR2
|
| 041 |
0 |
|
|a hun
|
| 044 |
|
|
|a xo
|c SK
|
| 080 |
|
|
|a 82:929:821.511.141 (437.6)
|2 1997
|
| 080 |
|
|
|a 821.511.141 (437.6):929
|2 1997
|
| 080 |
|
|
|a 929 Turczel, Lajos
|2 1997
|
| 100 |
1 |
|
|a Görömbei, András,
|d 1945-
|4 aut
|9 107810
|
| 245 |
1 |
0 |
|a "Személyisége, embersége, hűsége a tisztesség példája-"
|b Görömbei András búcsúbeszéde Turczel Lajos temetésén
|
| 600 |
1 |
7 |
|a Turczel, Lajos,
|d 1917-2007
|2 snkbucl
|9 106991
|
| 655 |
|
7 |
|a nekrológy
|2 snkbucl
|9 402542
|
| 773 |
0 |
|
|t Irodalmi szemle
|g Évf. L, sz. 11 (2007), o. 35-37
|x 1336-5088
|
| 852 |
|
|
|a SNK
|b KIS3GCP
|
| 852 |
|
|
|a DSZK
|b KIS3GCP
|
| 958 |
|
|
|a HU
|
| 958 |
|
|
|a SK
|
| 958 |
|
|
|a LX
|
| 958 |
|
|
|a BX
|
| 999 |
|
|
|c 2237413
|d 2239343
|